Introduction to probability theory / (Record no. 7309)
[ view plain ]
| 000 -LEADER | |
|---|---|
| fixed length control field | 00895cam a22003011 4500 |
| 001 - CONTROL NUMBER | |
| control field | 7309 |
| 003 - CONTROL NUMBER IDENTIFIER | |
| rucl marc code | BD-RjUL |
| 005 - DATE AND TIME OF LATEST TRANSACTION | |
| control field | 20211208234409.0 |
| 008 - FIXED-LENGTH DATA ELEMENTS--GENERAL INFORMATION | |
| fixed length control field | 140113s1964 nyua b 001 0 eng c |
| 035 ## - SYSTEM CONTROL NUMBER | |
| System control number | (OCoLC)ocm01039921 |
| System control number | (BD-RjUL)7352 |
| System control number | (NNC)1544644 |
| 040 ## - CATALOGING SOURCE | |
| Original cataloging agency | DLC/ICU |
| Transcribing agency | CGU |
| Modifying agency | UKM |
| -- | ZCU |
| -- | BD-RjUL |
| Language of cataloging | eng |
| 041 ## - LANGUAGE CODE | |
| Language code of text/sound track or separate title | eng |
| 082 00 - DEWEY DECIMAL CLASSIFICATION NUMBER | |
| Classification number | 519.1 |
| Author mark and year | MCI 1964 |
| 100 1# - MAIN ENTRY--PERSONAL NAME | |
| Personal name | McCord, James R. |
| 9 (RLIN) | 22826 |
| 245 10 - TITLE STATEMENT | |
| Title | Introduction to probability theory / |
| Statement of responsibility, etc. | James R. McCord, III and Richard M. Moroney, Jr. |
| 260 ## - PUBLICATION, DISTRIBUTION, ETC. (IMPRINT) | |
| Place of publication, distribution, etc. | New York : |
| Name of publisher, distributor, etc. | Macmillan, |
| Date of publication, distribution, etc. | c1964. |
| 300 ## - PHYSICAL DESCRIPTION | |
| Pagination | xvi, 232 p. : |
| Illustrations | diagrs. ; |
| Size | 25 cm. |
| 500 ## - GENERAL NOTE | |
| General note | Includes index. |
| 504 ## - BIBLIOGRAPHY, ETC. NOTE | |
| Bibliography, etc | Bibliography: p. 212-213. |
| 650 #0 - SUBJECT ADDED ENTRY--TOPICAL TERM | |
| Topical term or geographic name as entry element | Probabilities. |
| 9 (RLIN) | 243 |
| 700 1# - ADDED ENTRY--PERSONAL NAME | |
| Personal name | Moroney, Richard M., |
| Relator term | author. |
| 942 ## - ADDED ENTRY ELEMENTS (KOHA) | |
| Source of classification or shelving scheme | Dewey Decimal Classification |
| Koha item type | Books |
| Lost status | Source of classification or shelving scheme | Damaged status | Not for loan | Collection code | Permanent Location | Current Location | Shelving location | Date acquired | Source of acquisition | Cost, normal purchase price | Total Checkouts | Full call number | Date last seen | Copy number | Koha item type |
|---|---|---|---|---|---|---|---|---|---|---|---|---|---|---|---|
| Dewey Decimal Classification | Non-fiction | Central Library, University of Rajshahi | Central Library, University of Rajshahi | 16/05/1969 | Euro Pakistan News Agency | 45.36 | 519.1 MCI 1964 | 13/01/2014 | C-2 | Books | |||||
| Dewey Decimal Classification | Not For Loan | Non-fiction | Central Library, University of Rajshahi | Central Library, University of Rajshahi | Reading Room | 26/09/1967 | Euro- Pak. News Agency. | 45.40 | 519.1 MCI 1964 | 13/04/2017 | C-1 | Books |